| 000 | 00714nam a2200217 i 4500 | ||
|---|---|---|---|
| 001 | 77581 | ||
| 003 | ES-MaACL | ||
| 005 | 20230906173302.0 | ||
| 007 | t| | ||
| 008 | 041022s2002 sp a ||||1|cspa d | ||
| 020 | _a84-607-5913-X | ||
| 080 | _a929(460.182)"18/19" | ||
| 080 | _a016:821.134.2(460.182)"18/19" | ||
| 100 | 1 |
_aMunguía García, Victor Eduardo. _984191 |
|
| 245 | 1 | 0 |
_aArtículos de tradición liberal / _cEduardo Munguía García. |
| 260 |
_aBurgos : _bGran Vía, _c2002. |
||
| 300 |
_a204 p. : _bil. ; _c24 cm. |
||
| 650 | 1 | 4 |
_aEscritores españoles- _zBurgos (Provincia)- _vBiobibliografías. _912385 |
| 650 | 4 |
_aLiteratura española- _zBurgos (Provincia) _9155212 |
|
| 852 |
_aES-MaACL _jL-28354 |
||
| 999 |
_c77581 _d77581 |
||